1764 1479 1074 1477 1780 1588 1910 1305 1449 1211 1607 1972 1061 1475 1668 1884 1122 1989 1626 1505 1622 1924 1139 1165 1917 1453 1855 1445 1225 1022 1385 1325 1268 1706 1778 1299 1303 1932 1452 1031 1474 1893 1910 1245 1257 1028 1174 1151 1666 1336 1067 1844 1858 1814 1873 1680 1330 1675 1911 1374 1189 1812 1756 1805 1820 1866 1776 1258 1485 1945 1918 1703 1197 1487 1298 1276 1264 1850 1050 1442 1796 1757 1017 1206 1087 1859 1776 1251 1940 1081 1600 1725 1446 1885 1230 1366 1635 1598 1138 BCNSPRNW ULIB Ver.6.0+V

เปลี่ยนเป็นภาษาไทย

Change to English
 แสดงรายละเอียดบรรณานุกรม
  กลับหน้าหลัก

Brief Record : Get Marc (ISO 2709) : E-mail record : QR code < ปิดหน้าต่าง
LEADER : 00000nam 2200000uu 4500
001    13399110922
003     ULIB
008    110613s||||||||th 000 0 tha d
020    9749183320
050  4 AC158^bอ951ด 2004
100    แอนนิต้า กาเนรี่
245    เด็กๆรู้ไหมทำไมลมพัดได้/ ^cผู้แต่ง แอนนิต้า กาเนรี่
260    กรุงเทพฯ : ^bโกรเลียร์ อินเตอร์เนชั่นแนล, ^c2004
300    32 หน้า : ^bภาพประกอบสี ; ^c28 ซม.
650  7 ความรู้รอบตัว
650  7 ลม
945    ^p350^l0^i029032
995    ทศพร
999 ^a ใช้งานได้ทุกระบบ
รายการนี้ยังไม่มีแท็ก
คุณยังไม่ได้ล็อกอิน คุณสามารถมีกิจกรรมร่วมกับเว็บไซต์ได้ แต่ต้องล็อกอินก่อน ::
  ล็อกอิน

รายการสื่อสารสนเทศ

ลำดับที่ ประเภท เลขเรียก/บาร์โค้ด สถานที่ สถานะ
- ไม่พบข้อมูล -

รายการใกล้เคียง
    ผู้แต่ง [แอนนิต้า กาเนรี่]

    หัวเรื่อง [ความรู้รอบตัว]
    หัวเรื่อง [ลม]

BibComment


ยังไม่เคยถูกคอมเมนท์

คอมเมนท์ทรัพยากรรายการนี้
  คอมเมนท์: เด็กๆรู้ไหมทำไมลม..


 Copyright 2026. Bcnsprnw @Library